[Event "World Rapid Women 2016"]
[Site "Doha QAT"]
[Date "2016.12.27"]
[Round "7.11"]
[White "Pham, Le Thao Nguyen"]
[Black "Arabidze, Meri"]
[Result "0-1"]
[WhiteTitle "IM"]
[BlackTitle "IM"]
[WhiteElo "2351"]
[BlackElo "2379"]
[WhiteFideId "12401226"]
[BlackFideId "13604040"]
[EventDate "2016.12.26"]

1. d4 Nf6 2. Nf3 d5 3. Bf4 c5 4. e3 Nc6 5. Nbd2 e6 6. c3 Bd6 7. Bg3 O-O 8. Bd3
b6 9. e4 Be7 10. e5 Nd7 11. a3 a5 12. Qe2 Ndb8 13. O-O Ba6 14. dxc5 Bxd3 15.
Qxd3 bxc5 16. c4 Na6 17. Rfd1 d4 18. Ne4 h6 19. Rac1 Ra7 20. Bf4 a4 21. Qc2 Re8
22. Rd3 f5 23. exf6 Bxf6 24. Re1 e5 25. Bc1 Rf8 26. Nfd2 Be7 27. Nf1 Rf7 28. Rg3
Kh8 29. Qxa4 Qa5 30. Qd1 Bf8 31. Re2 Ne7 32. Rd2 Nf5 33. Rh3 Qb6 34. Rdd3 Kg8
35. Nfg3 Qe6 36. Nxf5 Qxf5 37. Qe2 Nc7 38. Rdg3 Ne6 39. Bxh6 d3 40. Qe1 Nd4 41.
Nc3 e4 42. Be3 Nc2 43. Qd2 Be7 44. Nd5 Rb7 45. b4 cxb4 46. axb4 Bxb4 47. Nxb4
Rxb4 48. Qc1 Nxe3 0-1

[Event "World Rapid Women 2016"]
[Site "Doha QAT"]
[Date "2016.12.27"]
[Round "7.12"]
[White "Hallaeva, Bahar"]
[Black "Paehtz, Elisabeth"]
[Result "0-1"]
[WhiteTitle "WFM"]
[BlackTitle "IM"]
[WhiteElo "2112"]
[BlackElo "2463"]
[WhiteFideId "14000679"]
[BlackFideId "4641833"]
[EventDate "2016.12.26"]

1. e4 c5 2. Nf3 d6 3. c3 Nf6 4. Be2 b6 5. O-O Nbd7 6. d3 Bb7 7. Re1 g6 8. Qb3
Bg7 9. h3 O-O 10. Be3 Qc7 11. Nbd2 d5 12. c4 dxe4 13. dxe4 Nxe4 14. Nxe4 Bxe4
15. Nd2 Bc6 16. Rad1 e5 17. Bf3 f5 18. Bxc6 Qxc6 19. Bg5 h6 20. Bh4 e4 21. f4
Bd4+ 22. Bf2 g5 23. fxg5 Bxf2+ 24. Kxf2 Ne5 25. Nf1 hxg5 26. Qg3 Qf6 27. Rd5
Nd3+ 28. Rxd3 exd3 29. Qxd3 Qxb2+ 30. Re2 Qd4+ 31. Qxd4 cxd4 32. Rd2 Rad8 33.
Rd3 Rfe8 34. Nd2 f4 35. Nf3 Re3 36. Rd2 d3 37. Nxg5 Rd4 38. Nf3 Rxc4 39. Ne1 Rc3
40. Kf1 Rc1 0-1

[Event "World Rapid Women 2016"]
[Site "Doha QAT"]
[Date "2016.12.27"]
[Round "7.13"]
[White "Gvetadze, Sofio"]
[Black "Geldiyeva, Mahri"]
[Result "1/2-1/2"]
[WhiteTitle "IM"]
[BlackTitle "WGM"]
[WhiteElo "2283"]
[BlackElo "2220"]
[WhiteFideId "13601440"]
[BlackFideId "14000059"]
[EventDate "2016.12.26"]

1. Nf3 d5 2. g3 Nf6 3. Bg2 e6 4. O-O Bd6 5. d3 b6 6. Nbd2 Bb7 7. Re1 O-O 8. e4
dxe4 9. Nxe4 Nxe4 10. dxe4 e5 11. Nh4 g6 12. Bh6 Re8 13. Qg4 Bf8 14. Rad1 Qc8
15. Nf5 Nc6 16. Qg5 Qe6 17. Bxf8 Rxf8 18. Bh3 f6 19. Nh6+ Kg7 20. Qh4 Qe8 21.
Rd7+ Ne7 22. Rxc7 Bc8 23. Ng4 h5 24. Ne3 g5 25. Bxc8 gxh4 26. Rxe7+ Qxe7 27.
Nf5+ Kf7 28. Nxe7 Kxe7 29. Bb7 Rab8 30. Bd5 hxg3 31. hxg3 f5 32. exf5 Rxf5 33.
Kg2 Rbf8 34. Re2 Kd6 35. Be4 Rg5 36. Rd2+ Ke6 37. Kh3 Rg4 38. Bd5+ Ke7 39. Re2
Kd6 40. Bg2 Rd4 41. c3 Rd1 42. Be4 Rf1 43. Rd2+ Ke7 44. Kg2 Re1 45. Bf3 h4 46.
gxh4 Rg8+ 47. Kh2 e4 48. Bg2 e3 49. fxe3 Rxe3 50. Bh3 a5 51. h5 Re5 52. h6 Rh5
53. h7 Rh8 54. Rd7+ Ke8 55. Rd3 R8xh7 56. Kg2 Ke7 57. Bg4 Rh2+ 58. Kg3 R2h6 59.
a4 Rg7 60. Rd7+ Kf8 61. Rd8+ Kf7 62. Rd4 Rf6 63. b4 Kg6 64. bxa5 bxa5 65. Rd5
Rc7 66. Rxa5 Rxc3+ 67. Kh4 Rf4 68. Rg5+ Kf6 69. a5 Ra3 70. Kh5 Rfa4 71. Rg6+ Ke5
72. Rg5+ Kd4 73. Rg8 Rxa5+ 74. Kh4 Ke4 75. Rf8 Ra1 76. Bf3+ Ke3 77. Bg4 R5a4 78.
Rf3+ Ke4 79. Rf8 Ke5 80. Re8+ Kf6 81. Rf8+ Kg7 82. Rf5 Rh1+ 83. Kg5 Rg1 84. Rf4
Rxf4 85. Kxf4 Kf6 86. Bf3 Ra1 87. Ke4 Ra3 88. Be2 Ra4+ 89. Kd3 Ke5 90. Bd1 Rd4+
91. Kc2 Ke4 92. Kc1 Kd3 93. Kb2 Rb4+ 94. Ka2 Kc3 95. Bh5 Rb2+ 96. Ka1 Rf2 97.
Bg6 Kb3 98. Bb1 Rh2 99. Be4 Rh4 100. Bd5+ Kc3 101. Ba2 Rh1+ 102. Bb1 Rh2 103.
Ba2 Rh6 104. Bb1 Rb6 105. Be4 Kb3 106. Bd5+ Ka3 107. Ba2 Rf6 108. Bb1 Rf2 109.
Be4 Kb3 110. Bd5+ Kc3 111. Be4 Rf1+ 112. Bb1 Rf4 113. Ba2 Ra4 114. Kb1 Rb4+ 115.
Ka1 Rb2 116. Bb1 Rb5 1/2-1/2

[Event "World Rapid Women 2016"]
[Site "Doha QAT"]
[Date "2016.12.27"]
[Round "7.14"]
[White "Abdumalik, Zhansaya"]
[Black "Zhukova, Natalia"]
[Result "1/2-1/2"]
[WhiteTitle "WGM"]
[BlackTitle "GM"]
[WhiteElo "2405"]
[BlackElo "2440"]
[WhiteFideId "13703544"]
[BlackFideId "14101513"]
[EventDate "2016.12.26"]

1. e4 e6 2. d4 d5 3. Nc3 Bb4 4. e5 Ne7 5. a3 Bxc3+ 6. bxc3 c5 7. h4 Qa5 8. Bd2
Qa4 9. Nf3 Nbc6 10. Rb1 c4 11. h5 h6 12. Nh4 b6 13. Rh3 Bd7 14. Rg3 Rg8 15. Rf3
Rf8 16. Rg3 Rg8 17. Rf3 Rf8 18. Rg3 Rg8 1/2-1/2

[Event "World Rapid Women 2016"]
[Site "Doha QAT"]
[Date "2016.12.27"]
[Round "7.15"]
[White "Sviridova, Vlada"]
[Black "Purtseladze, Maka"]
[Result "1/2-1/2"]
[WhiteTitle "WFM"]
[BlackTitle "IM"]
[WhiteElo "2144"]
[BlackElo "2347"]
[WhiteFideId "24109606"]
[BlackFideId "13602659"]
[EventDate "2016.12.26"]

1. d4 Nf6 2. c4 Nc6 3. Nf3 e6 4. a3 d6 5. Nc3 g6 6. e4 Bg7 7. Be2 O-O 8. O-O Re8
9. Rb1 e5 10. d5 Nd4 11. Nxd4 exd4 12. Nb5 Nxe4 13. Nxd4 Bd7 14. Be3 c5 15. Nf3
a6 16. Nd2 Bf5 17. Nxe4 Bxe4 18. Bd3 b5 19. Qc2 Bxd3 20. Qxd3 Qa5 21. b4 bxc4
22. Qxc4 cxb4 23. axb4 Qb5 24. Rfc1 Re5 25. Qc6 Qxd5 26. Qxd5 Rxd5 27. Rc6 Be5
28. g4 Kg7 29. Kg2 h6 30. h3 g5 31. Kf3 Rb5 32. Bd2 a5 33. Rc4 Rab8 34. Rb3 d5
35. Rc6 axb4 36. Ra6 f6 37. Ke2 Kg6 38. Kd3 Rc8 39. Ra4 Rc4 40. Raxb4 Rcxb4 41.
Rxb4 Rxb4 42. Bxb4 f5 43. f3 h5 44. Be7 fxg4 45. fxg4 h4 46. Bd8 Bf6 47. Bb6 Kf7
48. Be3 Ke6 49. Bd2 Be7 50. Be3 Ke5 51. Bd2 Bd8 52. Be3 Kf6 53. Bd4+ Kg6 54. Bc5
Bf6 55. Be3 Be5 56. Bb6 Bg3 57. Bd8 Bf2 58. Be7 Bb6 59. Bb4 Kf6 60. Bc3+ Ke6 61.
Bd2 Bd8 62. Be3 Bf6 63. Bd2 Bd8 64. Be3 Kf6 65. Bd4+ Kg6 66. Bc5 Bf6 67. Be3 Be5
68. Bb6 Bf6 69. Be3 Kf7 70. Bd2 Ke6 71. Bc1 Kd6 72. Be3 Kc6 73. Bc1 Kb5 74. Be3
Kc6 75. Bc1 Kd6 76. Bd2 Ke5 77. Be3 Be7 78. Bd2 d4 79. Bc1 Kd5 80. Bd2 1/2-1/2

[Event "World Rapid Women 2016"]
[Site "Doha QAT"]
[Date "2016.12.27"]
[Round "7.16"]
[White "Ovezdurdiyeva, Jemal"]
[Black "Zhu, Chen"]
[Result "0-1"]
[WhiteTitle "WFM"]
[BlackTitle "GM"]
[WhiteElo "2080"]
[BlackElo "2419"]
[WhiteFideId "14001888"]
[BlackFideId "8600546"]
[EventDate "2016.12.26"]

1. d4 Nf6 2. c4 e6 3. Nc3 Bb4 4. e3 O-O 5. Ne2 d5 6. a3 Bd6 7. Ng3 b6 8. cxd5
exd5 9. Bd3 Re8 10. O-O Ba6 11. Bxa6 Nxa6 12. Qd3 Qc8 13. b4 Qb7 14. b5 Nb8 15.
a4 a6 16. Ba3 Bxa3 17. Rxa3 axb5 18. Nxb5 Rd8 19. Nf5 c6 20. Nbd6 Qa6 21. Qd1
Ra7 22. Qf3 Rad7 23. Qg3 Nh5 24. Qg5 Qe2 25. Nh6+ Kf8 26. Nhxf7 Rxd6 27. Nxd8
Nf6 28. Nb7 Rd7 29. Qf5 Qa6 30. g4 h6 31. h4 Qxb7 32. g5 hxg5 33. hxg5 Rf7 34.
gxf6 Rxf6 35. Qc2 Qe7 36. f4 Qxa3 37. Qh7 Qxe3+ 38. Kg2 Qe4+ 39. Qxe4 dxe4 40.
Kg3 Rd6 41. Rb1 Nd7 42. Rb4 c5 43. dxc5 Nxc5 44. Rb5 Nxa4 45. f5 Nc5 46. Kf4 Kf7 0-1

[Event "World Rapid Women 2016"]
[Site "Doha QAT"]
[Date "2016.12.27"]
[Round "7.17"]
[White "Krivec, Jana"]
[Black "Sloan, Julia Elizabeth"]
[Result "1-0"]
[WhiteTitle "WGM"]
[BlackTitle "CM"]
[WhiteElo "2264"]
[BlackElo "2173"]
[WhiteFideId "14601982"]
[BlackFideId "2018950"]
[EventDate "2016.12.26"]

1. e4 e5 2. Nc3 Nc6 3. Bc4 Bc5 4. d3 d6 5. Qf3 Qf6 6. Nd5 Qxf3 7. Nxf3 Kd8 8. c3
a6 9. b4 Ba7 10. O-O h6 11. a4 Nce7 12. Nxe7 Kxe7 13. Nh4 g6 14. Kh1 g5 15. Nf5+
Bxf5 16. exf5 c6 17. b5 d5 18. Bb3 axb5 19. axb5 Nf6 20. bxc6 bxc6 21. Ba3+ Kd7
22. f3 Rhb8 23. Bc2 Be3 24. g4 d4 25. Bc5 Nd5 26. cxd4 exd4 27. Rxa8 Rxa8 28.
Bb3 Rb8 29. Bxd5 cxd5 30. Ra1 Kc6 31. Be7 Rb2 32. Ra6+ Kd7 33. Bd6 Rb1+ 34. Kg2
Rg1+ 35. Kh3 Rd1 36. Be5 Rxd3 37. Rd6+ Ke7 38. f6+ Ke8 39. Rxd5 Rd2 40. Bc7 1-0

[Event "World Rapid Women 2016"]
[Site "Doha QAT"]
[Date "2016.12.27"]
[Round "8.2"]
[White "Gunina, Valentina"]
[Black "Lagno, Kateryna"]
[Result "1/2-1/2"]
[WhiteTitle "GM"]
[BlackTitle "GM"]
[WhiteElo "2525"]
[BlackElo "2530"]
[WhiteFideId "4167570"]
[BlackFideId "14109336"]
[EventDate "2016.12.26"]

1. d4 Nf6 2. c4 g6 3. Nc3 d5 4. Bf4 Bg7 5. Nf3 O-O 6. e3 c5 7. dxc5 Qa5 8. Be2
dxc4 9. O-O Qxc5 10. Rc1 Nc6 11. Na4 Qa5 12. Bxc4 e5 13. Bg3 e4 14. b4 Nxb4 15.
Ne5 Nbd5 16. Qb3 Be6 17. Nc3 Nxc3 18. Rxc3 Bxc4 19. Rxc4 Nh5 20. Nd7 Rfc8 21.
Rxe4 Re8 22. Ra4 Qf5 23. Qxb7 Nxg3 24. hxg3 a5 25. Rd1 Qc2 26. Qb3 Qxb3 27. axb3
Red8 28. Rd5 Ra7 29. Nb6 Rb8 30. Nc4 Rxb3 31. Raxa5 Rxa5 32. Rxa5 Rb1+ 33. Kh2
h5 34. Nd6 Bf8 35. Ne4 Rb4 36. Nf6+ Kg7 37. Ne8+ Kg8 38. Ra7 Rb2 39. Nf6+ Kg7
40. Ne4 Rb5 41. Kh3 Re5 42. f3 Bc5 43. Ra5 Bd4 44. Rxe5 Bxe5 45. Nf2 f5 46. g4
hxg4+ 47. fxg4 Kf6 48. gxf5 gxf5 49. g3 Bb8 50. Kg2 Ba7 51. Kf3 Kg5 52. Nh3+ Kf6
53. Nf4 Ke5 54. Nd3+ Kf6 55. Nb4 Kg5 56. Nc6 Bxe3 57. Kxe3 Kg4 58. Kf2 f4 59.
gxf4 Kxf4 1/2-1/2

[Event "World Rapid Women 2016"]
[Site "Doha QAT"]
[Date "2016.12.27"]
[Round "8.4"]
[White "Khademalsharieh, Sarasadat"]
[Black "Gaponenko, Inna"]
[Result "1-0"]
[WhiteTitle "IM"]
[BlackTitle "IM"]
[WhiteElo "2438"]
[BlackElo "2411"]
[WhiteFideId "12512214"]
[BlackFideId "14101181"]
[EventDate "2016.12.26"]

1. d4 d5 2. c4 e6 3. Nc3 c6 4. e4 dxe4 5. Nxe4 Bb4+ 6. Bd2 Qxd4 7. Bxb4 Qxe4+ 8.
Ne2 Na6 9. Bf8 Ne7 10. Bxg7 Rg8 11. Qd4 Qxd4 12. Bxd4 Nf5 13. Bf6 Nc5 14. O-O-O
Bd7 15. Ng3 Rg6 16. Be5 O-O-O 17. Nxf5 exf5 18. Bd4 Na6 19. Rg1 c5 20. Be3 b6
21. Be2 Nb4 22. a3 Nc6 23. Bh5 Rgg8 24. Bxf7 Rgf8 25. Bh5 f4 26. Bd2 Nd4 27. Bc3
Ba4 28. Bg4+ Kb7 29. Rde1 Bb3 30. Re7+ Ka6 31. Rxh7 Bxc4 32. Bxd4 Rxd4 33. Rd1
Rxd1+ 34. Kxd1 Rd8+ 35. Rd7 Rg8 36. Bf3 Rh8 37. h3 Bf1 38. Be2+ Bxe2+ 39. Kxe2
Ra8 40. Kf3 Kb5 41. Kxf4 Kc4 42. g4 Kb3 43. Rd2 Rh8 44. Kg3 c4 45. f4 b5 46. f5
Rf8 47. Kf4 a5 48. g5 c3 49. bxc3 Kxc3 50. Rg2 Rc8 51. g6 b4 52. axb4 axb4 53.
g7 b3 54. g8=Q 1-0

[Event "World Rapid Women 2016"]
[Site "Doha QAT"]
[Date "2016.12.27"]
[Round "8.5"]
[White "Javakhishvili, Lela"]
[Black "Goryachkina, Aleksandra"]
[Result "1/2-1/2"]
[WhiteTitle "IM"]
[BlackTitle "WGM"]
[WhiteElo "2461"]
[BlackElo "2466"]
[WhiteFideId "13601458"]
[BlackFideId "4147103"]
[EventDate "2016.12.26"]

1. c4 Nf6 2. Nf3 e6 3. d4 b6 4. g3 Ba6 5. b3 Bb7 6. Bg2 c6 7. O-O d5 8. Bb2 Be7
9. Nc3 O-O 10. Qc2 Nbd7 11. e4 Rc8 12. Rad1 Ba6 13. Ne5 Nxe5 14. dxe5 Nd7 15.
exd5 cxd5 16. Rd2 Qc7 17. cxd5 Nxe5 18. Rc1 Rfd8 19. Qd1 Qb8 20. Ne4 Rxc1 21.
Bxc1 exd5 22. Rxd5 Nd3 23. Rxd8+ Qxd8 24. Be3 Nb4 25. Qxd8+ Bxd8 26. a4 Be7 27.
Bf4 Bd3 28. Bb8 a5 29. Bc7 Nd5 30. Nc5 Bxc5 31. Bxd5 Kf8 32. Kg2 Bc2 33. h4 h5
34. f3 Bd1 35. Kh3 Ke7 36. g4 hxg4+ 37. fxg4 Kd7 38. Bf4 f6 39. g5 fxg5 40. hxg5
Bd6 41. Be3 Bc5 42. Bf4 Bd6 43. Be3 Bc5 1/2-1/2

[Event "World Rapid Women 2016"]
[Site "Doha QAT"]
[Date "2016.12.27"]
[Round "8.6"]
[White "Dzagnidze, Nana"]
[Black "Harika, Dronavalli"]
[Result "1-0"]
[WhiteTitle "GM"]
[BlackTitle "GM"]
[WhiteElo "2520"]
[BlackElo "2543"]
[WhiteFideId "13601903"]
[BlackFideId "5015197"]
[EventDate "2016.12.26"]

1. Nf3 Nf6 2. c4 g6 3. b3 Bg7 4. Bb2 O-O 5. g3 b6 6. Bg2 Bb7 7. d4 e6 8. Nc3 c5
9. dxc5 bxc5 10. O-O Qe7 11. Qd2 d5 12. cxd5 exd5 13. e3 Rd8 14. Rfd1 Nbd7 15.
Rac1 Rac8 16. Na4 Ne4 17. Qa5 Bxb2 18. Nxb2 Ndf6 19. Qe1 Rc7 20. Rc2 Bc8 21.
Rdc1 Bd7 22. Qa5 Rcc8 23. Nd3 c4 24. bxc4 dxc4 25. Rxc4 Rxc4 26. Rxc4 Be6 27.
Rc7 Rd7 28. Rxd7 Qxd7 29. Nd4 Bd5 30. a3 Qb7 31. Nb4 Nc3 32. Nxd5 Ncxd5 33. Qb5
Qxb5 34. Nxb5 a6 35. Nd6 Kf8 36. Bf1 Nc7 37. Bc4 Nfd5 38. Nxf7 Nb6 39. Bb3 a5
40. Ng5 a4 41. Bd1 Nb5 42. Ne6+ Ke7 43. Nc5 Nc3 44. Bc2 Kd6 45. Ne4+ Nxe4 46.
Bxe4 Kc5 47. Bd3 Nd5 48. Kf1 Nf6 49. Ke2 g5 50. h3 h5 51. f3 Nd5 52. Kd2 Nb6 53.
f4 gxf4 54. gxf4 Nd5 55. Ke2 Kd6 56. Kf3 Nc7 57. e4 Ne6 58. Ke3 h4 59. Bc4 Nc7
60. Kd4 Ke7 61. e5 Na8 62. Kc5 1-0

[Event "World Rapid Women 2016"]
[Site "Doha QAT"]
[Date "2016.12.27"]
[Round "8.7"]
[White "Batsiashvili, Nino"]
[Black "Tan, Zhongyi"]
[Result "1-0"]
[WhiteTitle "IM"]
[BlackTitle "WGM"]
[WhiteElo "2482"]
[BlackElo "2496"]
[WhiteFideId "13602993"]
[BlackFideId "8603642"]
[EventDate "2016.12.26"]

1. d4 d5 2. Bf4 Nf6 3. e3 Nbd7 4. Nd2 e6 5. Ngf3 Bd6 6. Ne5 O-O 7. Bd3 b6 8. Qf3
Bb7 9. g4 c5 10. g5 Ne4 11. Nxe4 dxe4 12. Bxe4 Bxe4 13. Qxe4 cxd4 14. exd4 Bxe5
15. Bxe5 Qxg5 16. h4 Qf5 17. Qxf5 exf5 18. O-O-O Nxe5 19. dxe5 Rfd8 20. Rxd8+
Rxd8 21. Rd1 Rxd1+ 22. Kxd1 f6 23. exf6 g6 24. c4 Kf7 25. b4 Kxf6 26. f4 a6 27.
Ke2 Ke6 28. Ke3 b5 29. c5 Kd5 30. h5 a5 31. a3 axb4 32. axb4 Ke6 33. hxg6 hxg6
34. Kf3 Ke7 35. Kg3 Ke6 36. Kh4 Kf6 37. c6 Ke6 38. Kg5 Kd6 39. Kxg6 Kxc6 40.
Kxf5 Kd5 41. Kg6 Kc4 42. f5 Kd5 1-0

[Event "World Rapid Women 2016"]
[Site "Doha QAT"]
[Date "2016.12.27"]
[Round "8.8"]
[White "Ju, Wenjun"]
[Black "Arabidze, Meri"]
[Result "1/2-1/2"]
[WhiteTitle "GM"]
[BlackTitle "IM"]
[WhiteElo "2579"]
[BlackElo "2379"]
[WhiteFideId "8603006"]
[BlackFideId "13604040"]
[EventDate "2016.12.26"]

1. d4 Nf6 2. Nf3 d5 3. c4 e6 4. e3 c5 5. cxd5 exd5 6. Bb5+ Nbd7 7. dxc5 Bxc5 8.
O-O O-O 9. Nc3 a6 10. Bd3 Qe7 11. b3 Ne5 12. Bb2 Bd6 13. Be2 Be6 14. Qd4 Nc6 15.
Qd3 Rad8 16. Rfd1 Nb4 17. Qb1 Rfe8 18. Nd4 Qc7 19. g3 Bh3 20. Bf3 Be5 21. a3 Nc6
22. Nce2 Ne4 23. Nf4 Bxf4 24. exf4 Nxd4 25. Rxd4 Nc3 26. Qd3 Ne4 27. Rxd5 Rxd5
28. Qxd5 Qc2 29. Qd4 Nf6 30. Qc3 Qf5 31. Bxb7 h5 32. Re1 Rxe1+ 33. Qxe1 Qc2 34.
Bxf6 gxf6 35. Bd5 Kg7 36. Bc4 a5 37. a4 Qb2 38. Qd1 Qa2 39. Bf1 Be6 40. Qxh5
Bxb3 41. Qxa5 Bxa4 42. g4 Qc2 43. g5 Qd1 44. Qf5 fxg5 45. fxg5 Bc2 46. Qf4 Kg8
47. Kg2 Bb3 48. f3 Bd5 49. h4 Qc2+ 50. Kg3 Qd1 51. Bg2 Qe1+ 52. Kh2 Qf2 53. h5
Bxf3 54. Qxf3 Qh4+ 55. Bh3 Qxg5 56. Bg4 Kg7 57. Kh3 Qc1 58. Qg2 Qg5 59. Qb2+ Kg8
60. Qd4 Kh7 61. Qe4+ Kg8 62. Qd4 Kh7 63. Bf3 Qf5+ 64. Kg3 Qg5+ 65. Kf2 Kg8 66.
Qd6 Kg7 67. Qd4+ Kg8 68. Qe4 Kg7 69. Bg4 Qh4+ 70. Kg2 Qg5 71. Kh3 Kg8 72. Qd3
Kg7 73. Bf3 Kg8 74. Qc3 Qf5+ 75. Bg4 Qg5 76. Bf3 Qf5+ 77. Kh4 Qf4+ 78. Kh3 Qf5+
79. Kh2 Qf4+ 80. Kg2 Qg5+ 81. Kf2 Kh7 82. Be4+ Kg8 83. Bf3 Kh7 84. Qd4 Kg8 85.
Qe4 Kg7 86. Qd4+ Kg8 87. Ke2 Kh7 88. Kd3 Kg8 89. Bg4 Kh7 90. Ke2 Kg8 91. Kf2
Qh4+ 92. Kf3 Qg5 93. Qd3 Kg7 94. Qe4 Qf6+ 95. Kg2 Qg5 96. Kh3 Kg8 97. Be2 Kg7
98. Qf3 Qf6 99. Qg4+ Kh6 100. Qg3 Qg5 101. Qf3 Kg7 102. Bc4 Qf6 103. Qg4+ Kh6
104. Be2 Qg5 105. Qd4 Kh7 106. Qe4+ Kg7 107. Qd4+ Kh7 108. Kh2 Kg8 109. Qe4 Kg7
110. Qd4+ Kg8 111. Qf2 Kg7 112. Kh3 Kg8 113. Qf3 Kg7 114. Bc4 Qf6 115. Qg4+ Kh6
116. Bd3 Qg5 117. Qxg5+ 1/2-1/2

[Event "World Rapid Women 2016"]
[Site "Doha QAT"]
[Date "2016.12.27"]
[Round "8.9"]
[White "Koneru, Humpy"]
[Black "Saduakassova, Dinara"]
[Result "1/2-1/2"]
[WhiteTitle "GM"]
[BlackTitle "WGM"]
[WhiteElo "2557"]
[BlackElo "2428"]
[WhiteFideId "5008123"]
[BlackFideId "13700090"]
[EventDate "2016.12.26"]

1. d4 Nf6 2. c4 e6 3. Nf3 c5 4. d5 d6 5. Nc3 exd5 6. cxd5 g6 7. Bf4 Bg7 8. Qa4+
Bd7 9. Qb3 Qc7 10. h3 O-O 11. e3 a6 12. a4 Bf5 13. Nd2 Re8 14. Nc4 Bf8 15. Qb6
Qxb6 16. Nxb6 Ra7 17. Nc4 Ne4 18. Nxe4 Bxe4 19. Nxd6 Bxd6 20. Bxd6 Nd7 21. O-O-O
Nf6 22. a5 Raa8 23. Bg3 Nxd5 24. Bc4 Ne7 25. f3 Bc6 26. e4 Bb5 27. Bd5 Nxd5 28.
Rxd5 Rad8 29. Rxc5 Rd4 30. Rd1 Ra4 31. Bc7 Ra1+ 32. Kd2 Rxd1+ 33. Kxd1 Bf1 34.
g4 Bxh3 35. Be5 Bf1 36. Bf6 Bb5 37. Rc7 Bc6 38. g5 Re6 39. Bc3 Kf8 40. Ke2 Re8
41. Bf6 Re6 42. Bc3 Re8 43. Ke3 Rd8 44. Bb4+ Kg8 45. Be7 Re8 46. Kd4 Kg7 47. Kc5
h5 48. gxh6+ Kxh6 49. Bf6 g5 50. b4 Kg6 51. Bc3 g4 52. fxg4 Bxe4 53. g5 Re6 54.
Bf6 Rc6+ 55. Rxc6 1/2-1/2

[Event "World Rapid Women 2016"]
[Site "Doha QAT"]
[Date "2016.12.27"]
[Round "8.10"]
[White "Paehtz, Elisabeth"]
[Black "Zhao, Xue"]
[Result "0-1"]
[WhiteTitle "IM"]
[BlackTitle "GM"]
[WhiteElo "2463"]
[BlackElo "2504"]
[WhiteFideId "4641833"]
[BlackFideId "8601283"]
[EventDate "2016.12.26"]

1. e4 e5 2. Nf3 Nc6 3. Bc4 Bc5 4. d3 Nf6 5. O-O O-O 6. a4 d5 7. exd5 Nxd5 8. Re1
Re8 9. h3 Bf5 10. Nbd2 a6 11. Ne4 Bf8 12. Bg5 Qd7 13. Ng3 Be6 14. Bd2 f6 15. a5
Ndb4 16. Bxe6+ Rxe6 17. Ne4 Rae8 18. Be3 Nd4 19. Bxd4 exd4 20. Qd2 Nc6 21. c3
Rd8 22. Red1 dxc3 23. bxc3 Ne5 24. Nd4 Ree8 25. Qf4 Kh8 26. Qh4 c5 27. Nb3 Qc6
28. Qg3 c4 29. Nd4 Qd5 30. f3 Nxd3 31. Rab1 Rd7 32. Qg4 Rf7 33. Qf5 Qxf5 34.
Nxf5 Rd7 35. Kf1 Re5 36. Ne3 Rxa5 37. Nxc4 Ra2 38. Ncd6 Rb2 39. Rxb2 Nxb2 40.
Rd4 b5 41. Nxb5 Rxd4 42. Nxd4 a5 43. Ke2 a4 44. Nd2 Kg8 45. Nc2 Kf7 46. Ke3 Bc5+
47. Ke4 Ke6 48. Nd4+ Bxd4 49. Kxd4 a3 50. Nb3 a2 51. c4 Kd6 52. Kc3 Na4+ 53. Kb4
Nc5 54. Na1 Nd3+ 55. Kb3 Kc5 56. Kc3 Nf4 57. Nb3+ Kd6 58. g3 Nxh3 59. Kb2 Ng1
60. Nd2 h5 61. Kxa2 f5 62. Kb3 Ne2 63. Kb4 Nxg3 64. c5+ Kc7 65. f4 h4 66. Nf3 h3
67. Kc4 Nf1 68. Kd5 h2 69. Nxh2 Nxh2 70. Ke5 g6 71. Kf6 Nf1 72. Kxg6 Ne3 0-1

[Event "World Rapid Women 2016"]
[Site "Doha QAT"]
[Date "2016.12.27"]
[Round "8.12"]
[White "Zhu, Chen"]
[Black "Pham, Le Thao Nguyen"]
[Result "1/2-1/2"]
[WhiteTitle "GM"]
[BlackTitle "IM"]
[WhiteElo "2419"]
[BlackElo "2351"]
[WhiteFideId "8600546"]
[BlackFideId "12401226"]
[EventDate "2016.12.26"]

1. d4 Nf6 2. c4 e6 3. Nf3 d5 4. Nc3 Be7 5. Bf4 O-O 6. e3 Nbd7 7. c5 Ne4 8. Rc1
c6 9. Bd3 f5 10. h3 Bf6 11. O-O Qe8 12. Ne2 e5 13. dxe5 Nxe5 14. Bxe5 Bxe5 15.
Nxe5 Qxe5 16. b4 Bd7 17. a4 a6 18. Rc2 Rae8 19. Qa1 Qe7 20. Qd4 Qf7 21. Rb1 g5
22. b5 axb5 23. axb5 f4 24. f3 Ng3 25. Nxg3 fxg3 26. bxc6 bxc6 27. Rb7 Re7 28.
Ra2 Bc8 29. Rb8 Ree8 30. Raa8 Qe7 31. e4 Rd8 32. Bf1 Qg7 33. Qxg7+ Kxg7 34. exd5
cxd5 35. c6 d4 36. Bd3 Rde8 37. Kf1 Re3 38. Rxc8 Rxc8 39. Rxc8 Rxd3 40. Rd8 Rc3
41. Rd7+ Kg6 42. c7 Rc2 43. Ke1 h5 44. Kd1 d3 45. Re7 Kf5 46. Ke1 Kf6 47. Rd7 h4
48. Kd1 Ke6 49. Rxd3 Rxc7 50. Rd2 Ra7 51. Ke2 Ke5 52. Rb2 Ra1 53. Ke3 Re1+ 54.
Kd3 Kf4 55. Rb4+ Kf5 56. Rb5+ Kg6 57. Rb6+ Kh5 58. Rb2 Rf1 59. Ke3 Kg6 60. Rb6+
Kf5 61. Rb5+ Kf6 62. Rb6+ Kf5 1/2-1/2

[Event "World Rapid Women 2016"]
[Site "Doha QAT"]
[Date "2016.12.27"]
[Round "8.13"]
[White "Zhukova, Natalia"]
[Black "Geldiyeva, Mahri"]
[Result "1-0"]
[WhiteTitle "GM"]
[BlackTitle "WGM"]
[WhiteElo "2440"]
[BlackElo "2220"]
[WhiteFideId "14101513"]
[BlackFideId "14000059"]
[EventDate "2016.12.26"]

1. d4 d5 2. Bf4 Nf6 3. e3 e6 4. Nd2 Bd6 5. Bg3 O-O 6. Ngf3 b6 7. c3 Bb7 8. Bd3
Ne4 9. Qc2 f5 10. Bxd6 cxd6 11. O-O Nd7 12. a4 a6 13. Ne1 e5 14. f3 Qg5 15. f4
Qh6 16. Be2 Rae8 17. Nd3 exd4 18. cxd4 Qe6 19. Nxe4 dxe4 20. Nb4 Rc8 21. Qd2 a5
22. Na2 Nf6 23. Nc3 Nd5 24. Nxd5 Bxd5 25. b4 Rc7 26. bxa5 bxa5 27. Rfc1 Rfc8 28.
Rxc7 Rxc7 29. Qxa5 Rc2 30. Bd1 Rb2 31. Qc3 Rb8 32. a5 1-0

[Event "World Rapid Women 2016"]
[Site "Doha QAT"]
[Date "2016.12.27"]
[Round "8.14"]
[White "Gvetadze, Sofio"]
[Black "Hallaeva, Bahar"]
[Result "1-0"]
[WhiteTitle "IM"]
[BlackTitle "WFM"]
[WhiteElo "2283"]
[BlackElo "2112"]
[WhiteFideId "13601440"]
[BlackFideId "14000679"]
[EventDate "2016.12.26"]

1. Nf3 Nf6 2. g3 b6 3. Bg2 Bb7 4. O-O g6 5. d3 Bg7 6. e4 d6 7. Nc3 O-O 8. h3 c5
9. Be3 Nc6 10. Qd2 Re8 11. Rae1 Nd7 12. d4 cxd4 13. Nxd4 Nde5 14. b3 Rc8 15. f4
Nxd4 16. Bxd4 Nc6 17. Bxg7 Kxg7 18. Nd5 Nb8 19. c4 Nd7 20. Qb2+ Kg8 21. e5 dxe5
22. fxe5 Nc5 23. Rd1 Nd7 24. e6 fxe6 25. Nf4 Bd5 26. Bxd5 exd5 27. Ne6 1-0